<?xml version="1.0" encoding="UTF-8"?><?xml-stylesheet type="text/xsl" href="static/style.xsl"?><OAI-PMH xmlns="http://www.openarchives.org/OAI/2.0/" xmlns:xsi="http://www.w3.org/2001/XMLSchema-instance" xsi:schemaLocation="http://www.openarchives.org/OAI/2.0/ http://www.openarchives.org/OAI/2.0/OAI-PMH.xsd"><responseDate>2026-06-06T02:14:29Z</responseDate><request verb="GetRecord" identifier="oai:riuma.uma.es:10630/40841" metadataPrefix="marc">https://riuma.uma.es/rest/oai/request</request><GetRecord><record><header><identifier>oai:riuma.uma.es:10630/40841</identifier><datestamp>2026-02-03T10:23:27Z</datestamp><setSpec>com_10630_1685</setSpec><setSpec>col_10630_38055</setSpec></header><metadata><record xmlns="http://www.loc.gov/MARC21/slim" xmlns:dcterms="http://purl.org/dc/terms/" xmlns:doc="http://www.lyncode.com/xoai" xmlns:xsi="http://www.w3.org/2001/XMLSchema-instance" xsi:schemaLocation="http://www.loc.gov/MARC21/slim http://www.loc.gov/standards/marcxml/schema/MARC21slim.xsd">
   <leader>00925njm 22002777a 4500</leader>
   <datafield ind2=" " ind1=" " tag="042">
      <subfield code="a">dc</subfield>
   </datafield>
   <datafield ind2=" " ind1=" " tag="720">
      <subfield code="a">Gómez Delgado, David</subfield>
      <subfield code="e">author</subfield>
   </datafield>
   <datafield ind2=" " ind1=" " tag="260">
      <subfield code="c">2025-06</subfield>
   </datafield>
   <datafield ind2=" " ind1=" " tag="520">
      <subfield code="a">Realización de un proyecto basado en el microcontrolador ESP32 conectado vía WIFI con peticiones http a una API REST con el objetivo de conseguir un dispositivo portable de avisos para coordinación de un equipo en un espacio controlado, así como poder guardar un registro de todas las peticiones para futuros estudios de coordinación.&#xd;
La aplicación sigue una arquitectura distribuida, contando con un servidor principal al que se conectan los distintos dispositivos de aviso. Para la comunicación se ha diseñado una API Rest que actuará como intermediaria entre el dispositivo generador del aviso, los dispositivo basados en el microcontrolador ESP32 y una base de datos, como canal de comunicación hemos optado por usar WiFi. El dispositivo con microcontrolador ESP32 será la segunda pieza Importante para la arquitectura distribuida, encargada de enviar y principalmente recibir peticiones, para ello necesitamos conexión WiFi para poder conectar a la API Rest, cosa que nos permite hacer el microcontrolador ESP32, como segunda función principal, el microcontrolador deberá mostrar en una pantalla la Información que ha recibido de la API Rest</subfield>
   </datafield>
   <datafield ind1="8" ind2=" " tag="024">
      <subfield code="a">https://hdl.handle.net/10630/40841</subfield>
   </datafield>
   <datafield tag="653" ind2=" " ind1=" ">
      <subfield code="a">Informática - Trabajos Fin de Grado</subfield>
   </datafield>
   <datafield tag="653" ind2=" " ind1=" ">
      <subfield code="a">Grado en Ingeniería de Computadores - Trabajos Fin de Grado</subfield>
   </datafield>
   <datafield ind2="0" ind1="0" tag="245">
      <subfield code="a">Disvise: Arquitectura distribuida para la gestión de notificaciones basadas en el microcontrolador ESP32</subfield>
   </datafield>
</record>
</metadata></record></GetRecord></OAI-PMH>